| 000 | 00474 a2200181 4500 | ||
|---|---|---|---|
| 003 | OSt | ||
| 005 | 20180116182624.0 | ||
| 008 | 160818b xxu||||| |||| 00| 0 eng d | ||
| 020 | _a0 | ||
| 040 | _c0 | ||
| 082 | _a513.93 MIR 2001 | ||
| 100 | _aMiraj Din Mirza | ||
| 245 |
_aBusiness Mathematics _cMiraj Din Mirza |
||
| 260 |
_aLahore Caravan _bCarvan Books Lahore _c2001 |
||
| 300 |
_a132 p. _bpb. |
||
| 440 | _aBusiness Mathematics | ||
| 942 |
_2ddc _cBK _k513.93 MIR 2001 |
||
| 999 |
_c342886 _d342886 |
||